00855nam a2200229 ia450000500170000000800410001702000390005804000280009708200120012510000500013724500670018726400610025430000690031533600210038433700250040533800230043049000330045350400260048665000390051265000420055183000320059320240814124257.0240814s2024 my ao jr 000 0 may d a9789672966548cRM46.50qpaperback  aPPAK bengcPPAK erda 04223a9090 aSyed Mahadzir Syed Ibrahim, d1961-eauthor. 10aMUSLIHAT ALFONSO DE ALBUQUARQUE / cSYED MAHADZIR SYED IBRAHIM 1aCheras, Kuala Lumpur : bPENERBIT MINDA TEGUH, c[2024?] a64 pages : bcolour illustrations, colour photographs ; c26 cm. atext2rdacontent aunmediated2rdamedia avolume2rdacarrier1 aSIRI FAKTA SEJARAH DI DUNIA  aBibliography: page 6410aWorld historyxJuvenile literature20aHistory, AncientxJuvenile literature 0aSiri fakta sejarah di dunia